000 00739nam a2200217 a 4500
001 752
005 20221127090019.0
008 050920s lle a | 00000|ara d
020 _cرس 16.00
035 _a765
082 0 4 _a658.4052
_bس532
100 1 _aسيباني، خليل.
245 1 2 _aالمفاوضات /
_cخليل فهد سيباني.
246 1 _aالمفاوضات والاتفاقات.
260 _aبيروت :
_bدار الراتب الجامعية,
_c2003.
300 _a155 ص. :
_bايض. ؛
_c20 سم.
440 0 _aموسوعة رجل الاعمال الناجح.
500 _aعنوان غلاف: المفاوضات والاتفاقات.
650 4 _aالمفاوضات.
650 4 _aادارة الاعمال.
999 _c752
_d752